| 000 | 00888nam a2200217 a 4500 | ||
|---|---|---|---|
| 003 | 0 | ||
| 005 | 20250318142011.0 | ||
| 008 | 071127s19uu xx 00 eng d | ||
| 050 |
_aPGS LB 1044.7.T39 _b.C957 2007 |
||
| 100 | _aCruz, Carissa Mia. | ||
| 245 |
_aThe effects of watching television during weekdays on the core subjects of grade 5 students / _cCarissa Mia Cruz. |
||
| 260 |
_aLas PiƱas City, Philippines : _bSouthville International School and Colleges, _c2007. |
||
| 300 |
_a33 pages : _billustrations ; _c28 cm. |
||
| 504 | _aIncludes bibliographical references. | ||
| 650 |
_aTelevision and children _vEducational aspects . |
||
| 650 |
_aTelevision viewing _vPsychological aspects. |
||
| 650 |
_aAcademic achievement _vInfluence of television. |
||
| 650 |
_aEducation _vEffect of mass media on. |
||
| 650 |
_aStudy habits _vInfluence of television. |
||
| 942 |
_2lcc _cPASS |
||
| 999 |
_c97699 _d97699 |
||